|
|
|
|
| LEADER |
00000naa0a2200000 4500 |
| 001 |
595165 |
| 005 |
20250226163456.0 |
| 035 |
|
|
|a (RuTPU)RU\TPU\tpu\15064
|
| 090 |
|
|
|a 595165
|
| 100 |
|
|
|a 20081027d1975 k||y0rusy50 ca
|
| 101 |
0 |
|
|a rus
|
| 102 |
|
|
|a RU
|
| 200 |
1 |
|
|a Изучение адсорбции углекислого газа на активированных угольных волокнах
|f И. Н. Ермоленко [и др.]
|
| 320 |
|
|
|a Библиогр.: 20 назв.
|
| 461 |
|
|
|t Известия АН БССР. Сер. химические науки
|d 1975
|
| 463 |
|
|
|t № 5
|v С. 20-23
|d 1975
|
| 610 |
1 |
|
|a труды учёных ТПУ
|
| 701 |
|
1 |
|a Ермоленко
|b И. Н.
|
| 701 |
|
1 |
|a Морозова
|b А. А.
|
| 701 |
|
1 |
|a Фридман
|b Л. И.
|
| 701 |
|
1 |
|a Савельев
|b Г. Г.
|c российский химик
|c профессор Томского политехнического университета
|f 1938-
|g Геннадий Гаврилович
|3 (RuTPU)RU\TPU\pers\19860
|
| 701 |
|
1 |
|a Стась
|b Н. Ф.
|
| 701 |
|
1 |
|a Горина
|b Т. С.
|
| 801 |
|
1 |
|a RU
|b 63413507
|c 20081027
|g PSBO
|
| 942 |
|
|
|c CR
|